Παίγνια και λήψη αποφάσεων

Αποθηκεύτηκε σε:
Λεπτομέρειες βιβλιογραφικής εγγραφής
Κύριος συγγραφέας: Αλιπράντης, Χαράλαμπος
Συγγραφή απο Οργανισμό/Αρχή: Ελληνική Μαθηματική Εταιρεία
Άλλοι συγγραφείς: Chakrabarti, S. K.
Μορφή: Βιβλίο
Γλώσσα:Greek
English
Δημοσίευση: Αθήνα : [Διηνεκές], 2004.
Θέματα:
Ετικέτες: Προσθήκη ετικέτας
Δεν υπάρχουν, Καταχωρήστε ετικέτα πρώτοι!

MARC

LEADER 00000cam a2200000 i 4500
001 1/69731
008 080109s2004 gr | ||| |||| ||gre||
020 |a 9607341279 
035 |l 10093493 
040 |a GR-MyUA  |b gre  |e AACR2 
041 1 |a gre  |h eng 
082 0 |a 519.3  |2 (22) 
100 1 |a Αλιπράντης, Χαράλαμπος. 
245 1 0 |a Παίγνια και λήψη αποφάσεων /   |c Χ.Δ. Αλιπράντης και S.K. Chakrabarti ; Ελληνική Μαθηματική Εταιρεία.  
260 |a Αθήνα :   |b [Διηνεκές],   |c 2004.  
300 |a 314, [2] σ. ;   |c 23 εκ.  
500 |a Τίτλος πρωτοτύπου: Games and decision making.  
504 |a Βιβλιογραφία: σ. [315]. Ευρετήριο.  
650 0 0 |a Game theory. 
650 0 0 |a Decision making. 
700 1 |a Chakrabarti, S. K. 
710 2 |a Ελληνική Μαθηματική Εταιρεία. 
852 |a INST  |b CHIOS  |c EUDOXUS  |e 20130524  |h 519.3 ΑΛΙ  |p 005200035255  |q 005200035255  |t EDX  |y 0 
852 |a INST  |b CHIOS  |c EUDOXUS  |e 20161109  |h 519.3 ΑΛΙ  |p 005200038476  |q 005200038476  |t EDX  |y 0 
852 |a INST  |b RHODES  |e 20080109  |h 519.3 ΑΛΙ  |p 005400024998  |q 005400024998  |t BK  |y 0 
852 |a INST  |b SAMOS  |c EUDOXUS  |e 20130304  |h 519.3 ΑΛΙ  |p 005300033367  |q 005300033367  |t EDX  |y 0 
852 |a INST  |b SAMOS  |c EUDOXUS  |e 20130304  |h 519.3 ΑΛΙ  |p 005300033368  |q 005300033368  |t EDX  |y 0 
920 |a Εύδοξος  |b Επιστροφή  |y Χίος  |z 2016-11 
901 |a BIBL3-2013-1 
901 |a BIBL4-2008-1 
901 |a BIBL2-2013-2 
909 |a Σ  |b 172682 
909 |a Σ  |b 172683 
909 |a Ρ  |b 141737 
909 |a Χ  |b 175572 
920 |a Εύδοξος  |b Παραγγελία  |y Σάμος-ΤΣΑΧΜ  |z 2013-02 
920 |a Εύδοξος  |b Παραγγελία  |y Χίος-ΤΝΕΥ  |z 2013-04 
922 |a 4ΕΛΗ  |b 200711  |c ΕΠΕΑΕΚ2/ΠΤΔΕ  |d Σ. Πατάκης 
970 |a Χαριοπολίτου  |b Κωνσταντίνα  |z 2008/01/09